[Event "ch-European Rapid 2013"]
[Site "Warsaw POL"]
[Date "2013.12.14"]
[Round "5.38"]
[White "Winski, Lukasz"]
[Black "Gdanski, Jacek"]
[Result "0-1"]
[BlackTitle "GM"]
[WhiteElo "2137"]
[BlackElo "2506"]
[WhiteFideId "1130048"]
[BlackFideId "1100106"]
[EventDate "2013.12.14"]
[EventType "swiss"]

1. e4 e6 2. d4 d5 3. e5 c5 4. c3 Nc6 5. Nf3 Bd7 6. a3 Nge7 7. Bd3 cxd4 8. cxd4
Qb6 9. Bc2 Nf5 10. Bxf5 exf5 11. O-O Be7 12. Nc3 Be6 13. b4 O-O 14. Re1 Rfc8 15.
Qd3 h6 16. h4 a5 17. Na4 Qd8 18. b5 Nb8 19. g3 Nd7 20. Be3 Rc4 21. Qb3 Nb6 22.
Nc5 Bxc5 23. dxc5 Nd7 24. Nd2 Nxc5 25. Qb1 d4 26. Nxc4 Bxc4 27. Rd1 Nb3 28. Ra2
Qb6 29. Bf4 Qe6 30. Rc2 a4 31. Kh2 Rd8 32. Qb2 Bxb5 33. Rc7 Bc6 34. Qe2 Qd5 35.
Rg1 d3 36. Qd1 Nd4 0-1

[Event "ch-European Rapid 2013"]
[Site "Warsaw POL"]
[Date "2013.12.14"]
[Round "5.39"]
[White "Vicas, Marijus"]
[Black "Socko, Monika"]
[Result "0-1"]
[BlackTitle "GM"]
[WhiteElo "2039"]
[BlackElo "2440"]
[WhiteFideId "12804541"]
[BlackFideId "1106619"]
[EventDate "2013.12.14"]
[EventType "swiss"]

1. e4 e6 2. d3 c5 3. g3 Nc6 4. Bg2 g6 5. Nf3 Bg7 6. O-O Nge7 7. Nbd2 O-O 8. Re1
d6 9. c3 Rb8 10. Nf1 e5 11. Ne3 b5 12. Nd2 h6 13. a4 a6 14. axb5 axb5 15. Nd5
Nxd5 16. exd5 Ne7 17. Nb3 Bb7 18. c4 f5 19. Ra5 bxc4 20. dxc4 e4 21. Be3 Bxd5
22. Ra6 Bxc4 23. Rxd6 Bxb3 24. Rxd8 Bxd1 25. Rdxd1 Rfc8 26. Rd7 Kf7 27. Rc1 Ke8
28. Ra7 Bd4 29. Bxh6 Rxb2 30. Bg5 Nc6 31. Rh7 Rxf2 32. Kh1 Nb4 33. Bf1 Nd3 34.
Bxd3 exd3 35. Re1+ Re2 36. Rxe2+ dxe2 37. Re7+ Kf8 38. Rxe2 c4 39. Rc2 Kf7 40.
Kg2 Ke6 41. Kf3 Kd5 42. h4 c3 43. Rc1 Rb8 44. Bf4 Rb2 45. Be3 Bxe3 46. Kxe3 Kc4
47. Kf4 Rg2 48. Kf3 Rd2 49. Kf4 Rd4+ 50. Ke3 Rg4 51. Rg1 f4+ 0-1

[Event "ch-European Rapid 2013"]
[Site "Warsaw POL"]
[Date "2013.12.14"]
[Round "5.40"]
[White "Duda, Jan-Krzysztof"]
[Black "Kielar, Maciej"]
[Result "1-0"]
[WhiteTitle "GM"]
[WhiteElo "2557"]
[BlackElo "2103"]
[WhiteFideId "1170546"]
[BlackFideId "1134230"]
[EventDate "2013.12.14"]
[EventType "swiss"]

1. e4 c5 2. Nf3 d6 3. d4 cxd4 4. Nxd4 Nf6 5. Nc3 g6 6. Be3 Bg7 7. f3 O-O 8. Qd2
Nc6 9. O-O-O Bd7 10. Kb1 Ne5 11. g4 Rc8 12. h4 a6 13. h5 Nxf3 14. Nxf3 Bxg4 15.
h6 Bxf3 16. hxg7 Re8 17. Bd3 Bxd1 18. Nxd1 Kxg7 19. Bh6+ Kg8 20. Bg5 h5 21. Ne3
Rc5 22. Rg1 Qb6 23. Qg2 Re5 24. Nc4 Qd4 25. Be3 1-0

[Event "ch-European Rapid 2013"]
[Site "Warsaw POL"]
[Date "2013.12.14"]
[Round "5.41"]
[White "Choroszej, Aleksander"]
[Black "Fargere, Francois"]
[Result "0-1"]
[BlackTitle "GM"]
[WhiteElo "2190"]
[BlackElo "2446"]
[WhiteFideId "1140825"]
[BlackFideId "615935"]
[EventDate "2013.12.14"]
[EventType "swiss"]

1. d4 d5 2. c4 c6 3. Nc3 Nf6 4. Nf3 dxc4 5. a4 Bf5 6. e3 e6 7. Bxc4 Bb4 8. O-O
Nbd7 9. Qe2 Bg4 10. Bd3 O-O 11. e4 e5 12. d5 Bxc3 13. bxc3 cxd5 14. Bg5 h6 15.
Bh4 Qc7 16. Rfc1 Rac8 17. Qe3 Bxf3 18. gxf3 dxe4 19. fxe4 Qc6 20. Bb5 Qe6 21.
Rd1 Nc5 22. Bxf6 Qxf6 23. Rd5 Qe7 24. Rad1 a6 25. Be2 Nxa4 26. Rd7 Qg5+ 27. Qxg5
hxg5 28. Rxb7 Nxc3 29. Re1 Nxe4 30. Bxa6 Nc5 31. Ra7 Nxa6 32. Rxa6 f6 33. Rd1
Rfd8 34. Rb1 Rd7 35. Kg2 Kf7 36. Rbb6 Kg6 37. Rb4 Rc2 38. Rb1 Kf5 39. Ra3 g4 40.
Re3 Rdd2 41. Rf1 Kf4 42. Rb3 e4 43. Ra3 f5 44. Rb3 Re2 45. Kg1 Rcd2 46. Rb4 g6
47. Ra4 Kg5 48. Ra3 Kh4 49. Ra6 e3 50. Rxg6 Rxf2 51. Rxf2 Rxf2 52. Re6 f4 53.
Re5 Ra2 54. Rf5 Ra1+ 55. Kg2 Ra2+ 56. Kg1 f3 57. h3 Ra1+ 58. Kh2 g3# 0-1

[Event "ch-European Rapid 2013"]
[Site "Warsaw POL"]
[Date "2013.12.14"]
[Round "5.42"]
[White "Zwardon, Vojtech"]
[Black "Sanz Losada, Victoriano"]
[Result "1-0"]
[WhiteTitle "IM"]
[WhiteElo "2383"]
[BlackElo "2083"]
[WhiteFideId "325511"]
[BlackFideId "2202808"]
[EventDate "2013.12.14"]
[EventType "swiss"]

1. c4 Nf6 2. Nc3 g6 3. g3 Bg7 4. Bg2 O-O 5. d3 d6 6. Bg5 h6 7. Bd2 e5 8. Qc1 Kh7
9. h4 Nc6 10. h5 g5 11. Nf3 Ng8 12. Rb1 f5 13. Nd5 f4 14. b4 Nce7 15. Nc3 Nf6
16. Qc2 c6 17. c5 a6 18. cxd6 Qxd6 19. Na4 Bf5 20. Nb6 e4 21. dxe4 Nxe4 22. Nxa8
fxg3 23. Nxg5+ Nxg5 24. e4 gxf2+ 25. Kf1 Be6 26. Bxg5 hxg5 27. e5+ Nf5 28. exd6
Kh8 29. Rh3 g4 30. Rd3 b5 31. Nb6 Bd4 32. Qe2 Ne3+ 33. Rxe3 Bxb6 34. Rxe6 1-0

[Event "ch-European Rapid 2013"]
[Site "Warsaw POL"]
[Date "2013.12.14"]
[Round "5.43"]
[White "Lisowski, Krzysztof"]
[Black "Milliet, Sophie"]
[Result "0-1"]
[BlackTitle "IM"]
[WhiteElo "2152"]
[BlackElo "2387"]
[WhiteFideId "1110969"]
[BlackFideId "623725"]
[EventDate "2013.12.14"]
[EventType "swiss"]

1. e4 c5 2. Nf3 e6 3. c3 Nf6 4. e5 Nd5 5. d4 cxd4 6. cxd4 d6 7. Nc3 Nxc3 8. bxc3
Qc7 9. Bd2 Nd7 10. exd6 Bxd6 11. Bd3 b6 12. O-O Bb7 13. Re1 O-O 14. h3 Bf4 15.
Ne5 Bxe5 16. dxe5 Nc5 17. Bc2 Rfd8 18. Qh5 Rxd2 19. Qxh7+ Kf8 20. Qh8+ Ke7 21.
Qh4+ Ke8 22. Qh8+ Kd7 23. Qxg7 Rxc2 24. Rad1+ Bd5 25. Rxd5+ exd5 26. e6+ Kc6 27.
exf7 Qd6 28. g3 Ne4 29. Qd4 Rxf2 0-1

[Event "ch-European Rapid 2013"]
[Site "Warsaw POL"]
[Date "2013.12.14"]
[Round "5.45"]
[White "Meribanov, Vitaly"]
[Black "Krasenkova, Ilena"]
[Result "1-0"]
[WhiteTitle "IM"]
[BlackTitle "WIM"]
[WhiteElo "2412"]
[BlackElo "2145"]
[WhiteFideId "13504363"]
[BlackFideId "4119037"]
[EventDate "2013.12.14"]
[EventType "swiss"]

1. e4 Nf6 2. e5 Nd5 3. d4 e6 4. Nf3 Be7 5. Be2 a5 6. O-O O-O 7. Nbd2 d6 8. Ne4
dxe5 9. Nxe5 Nd7 10. Nxd7 Bxd7 11. c4 Nf6 12. Ng5 c5 13. Bf3 cxd4 14. Qxd4 Bc6
15. Qxd8 Rfxd8 16. Bxc6 bxc6 17. Nf3 Rab8 18. Ne5 Rdc8 19. Rd1 a4 20. g3 Rb7 21.
Kg2 Ne4 22. f3 Nc5 23. Rb1 f6 24. Nd3 Rd7 25. Nf2 Rxd1 26. Nxd1 Rd8 27. Be3 Rd3
28. Kf2 e5 29. Ke2 Rd7 30. Nc3 Na6 31. Nxa4 Nb4 32. a3 Nc2 33. Nc3 Nxe3 34. Kxe3
Bc5+ 35. Ke2 Bd4 36. Nd1 Ra7 37. Kd3 Rd7 38. Kc2 Ra7 39. Nc3 Kf7 40. Ra1 Ke6 41.
a4 f5 42. a5 Kd6 43. b4 h5 44. b5 g5 45. Ra2 g4 46. fxg4 hxg4 47. b6 Rh7 48. Kb3
e4 49. Rd2 Ke5 50. Rxd4 Kxd4 51. a6 e3 52. b7 Rxh2 53. b8=Q e2 54. Qf4+ Kd3 55.
Qxf5+ Kd2 56. Qf4+ Kd3 57. Qe4+ Kd2 58. Nxe2 Rxe2 59. Qxe2+ Kxe2 60. a7 Kf3 61.
a8=Q 1-0

[Event "ch-European Rapid 2013"]
[Site "Warsaw POL"]
[Date "2013.12.14"]
[Round "5.46"]
[White "Matuszewski, Michal"]
[Black "Suliborski, Jakub"]
[Result "1-0"]
[WhiteTitle "IM"]
[WhiteElo "2408"]
[BlackElo "2077"]
[WhiteFideId "1129775"]
[BlackFideId "1135651"]
[EventDate "2013.12.14"]
[EventType "swiss"]

1. e4 e6 2. d4 d5 3. exd5 exd5 4. c4 Nf6 5. Nf3 dxc4 6. Bxc4 Bd6 7. O-O O-O 8.
Bg5 Bg4 9. h3 Bh5 10. Nc3 Nbd7 11. Re1 c6 12. Ne4 Be7 13. Ng3 Bg6 14. Ne5 Nb6
15. Bb3 Qd6 16. Qf3 Rae8 17. Rad1 Nfd5 18. Bd2 Bf6 19. Nf5 Qc7 20. Ng4 Bd8 21.
a4 Qd7 22. Ng3 Rxe1+ 23. Rxe1 Nf6 24. Bb4 Re8 25. Nxf6+ Bxf6 26. Rxe8+ Qxe8 27.
a5 Na8 28. d5 cxd5 29. Qxd5 Bxb2 30. Qxb7 Be5 31. Nf5 Nc7 32. Ne7+ Kh8 33. Qxa7
h5 34. Nxg6+ fxg6 35. Qb6 Kh7 36. Bc2 Ne6 37. Be4 Qd7 38. g3 Qf7 39. Qb5 Bd4 40.
Qxh5+ Kg8 41. Qf3 Qxf3 42. Bxf3 Ba7 43. Bd5 Kf7 44. Kg2 Kf6 45. Bc3+ Kf7 46.
Bxe6+ Kxe6 47. Bxg7 1-0

[Event "ch-European Rapid 2013"]
[Site "Warsaw POL"]
[Date "2013.12.14"]
[Round "5.47"]
[White "Nedilko, Vasily"]
[Black "Zochowski, Kacper"]
[Result "1/2-1/2"]
[WhiteTitle "IM"]
[WhiteElo "2399"]
[BlackElo "2040"]
[WhiteFideId "14101459"]
[BlackFideId "1125494"]
[EventDate "2013.12.14"]
[EventType "swiss"]

1. d4 Nf6 2. c4 e6 3. Nc3 Bb4 4. Nf3 b6 5. Bg5 h6 6. Bh4 Bb7 7. Nd2 Bxc3 8. bxc3
d6 9. f3 Nbd7 10. e4 e5 11. Be2 Nf8 12. c5 Ng6 13. Bf2 O-O 14. O-O Nf4 15. Re1
Nxe2+ 16. Qxe2 Qe7 17. a4 Nh5 18. a5 Nf4 19. Qf1 bxc5 20. dxc5 Nh3+ 21. gxh3
Qg5+ 22. Qg2 Qxd2 23. Rad1 Qxc3 24. cxd6 cxd6 25. Rxd6 f6 26. a6 Bc6 27. Red1
Ba4 28. Rb1 Rad8 29. Rxd8 Rxd8 30. Bxa7 Qd3 31. Qf1 Qxb1 32. Qxb1 Rd1+ 33. Qxd1
Bxd1 34. Kf2 Ba4 35. Bc5 Kf7 36. a7 Bc6 37. h4 g6 38. Bd6 Ke6 39. Bb8 f5 40.
exf5+ Kxf5 41. Ke3 h5 42. Bc7 Ke6 43. f4 exf4+ 44. Kxf4 Kd7 45. Bb6 Kc8 1/2-1/2

[Event "ch-European Rapid 2013"]
[Site "Warsaw POL"]
[Date "2013.12.14"]
[Round "5.48"]
[White "Narva, Regina"]
[Black "Westerberg, Jonathan"]
[Result "0-1"]
[WhiteTitle "WFM"]
[BlackTitle "FM"]
[WhiteElo "2047"]
[BlackElo "2397"]
[WhiteFideId "4500237"]
[BlackFideId "1701754"]
[EventDate "2013.12.14"]
[EventType "swiss"]

1. e4 c5 2. Nf3 Nc6 3. b3 Nf6 4. e5 Nd5 5. c4 Nc7 6. Bb2 g6 7. d4 cxd4 8. Nxd4
Bg7 9. Nxc6 bxc6 10. Be2 Ne6 11. O-O O-O 12. f4 d6 13. f5 gxf5 14. Rxf5 dxe5 15.
Qe1 Nd4 16. Rg5 f6 17. Rxg7+ Kxg7 18. Qg3+ Kh8 19. Bd3 Rg8 20. Qe3 c5 21. Nc3
Bb7 22. Nd5 e6 23. Qh6 f5 24. Bxd4 cxd4 25. Qxe6 e4 26. Be2 Bxd5 27. cxd5 Qg5
28. Bf1 Rae8 29. Qa6 e3 30. Re1 f4 31. Qc4 f3 32. Qxd4+ Rg7 0-1

[Event "ch-European Rapid 2013"]
[Site "Warsaw POL"]
[Date "2013.12.14"]
[Round "5.49"]
[White "Sadzikowski, Daniel"]
[Black "Adamowicz, Maciej"]
[Result "1-0"]
[WhiteTitle "IM"]
[WhiteElo "2470"]
[BlackElo "2107"]
[WhiteFideId "1132253"]
[BlackFideId "1176730"]
[EventDate "2013.12.14"]
[EventType "swiss"]

1. d4 g6 2. e4 Bg7 3. Nc3 d6 4. f4 Nd7 5. Nf3 c5 6. d5 Ngf6 7. e5 dxe5 8. fxe5
Ng4 9. e6 fxe6 10. dxe6 Nde5 11. Bb5+ Nc6 12. Bxc6+ bxc6 13. Qxd8+ Kxd8 14. Ng5
Kc7 15. Bf4+ Kb6 16. h3 Rf8 17. Rf1 h6 18. Nge4 g5 19. Bd2 Nf6 20. Na4+ Kc7 21.
Ba5+ Kb8 22. Nexc5 1-0

[Event "ch-European Rapid 2013"]
[Site "Warsaw POL"]
[Date "2013.12.14"]
[Round "5.50"]
[White "Kurpiewski, Slawomir"]
[Black "Deszczynski, Adam"]
[Result "0-1"]
[WhiteElo "2096"]
[BlackElo "2341"]
[WhiteFideId "1114530"]
[BlackFideId "1102753"]
[EventDate "2013.12.14"]
[EventType "swiss"]

1. d4 d5 2. e3 Nf6 3. Bd3 c5 4. c3 e6 5. f4 Nc6 6. Nf3 Bd6 7. O-O Qc7 8. Ne5 Ne4
9. Nd2 Nxd2 10. Bxd2 O-O 11. Rf3 f5 12. Rh3 Bxe5 13. fxe5 b6 14. Qh5 g6 15. Qh6
Qg7 16. Qg5 a5 17. Rf1 Ba6 18. Bxa6 Rxa6 19. g4 Ra7 20. gxf5 gxf5 21. Rg3 Qxg5
22. Rxg5+ Rg7 23. Rxg7+ Kxg7 24. Kf2 Kf7 25. Rg1 Rg8 26. Rxg8 Kxg8 27. Kf3 Kf7
28. a4 c4 29. Be1 Na7 30. Bh4 Ke8 31. Kf4 h6 32. Be1 b5 33. axb5 Nxb5 34. Kg3
Kf7 35. Kf2 Kg6 36. Ke2 Kh5 37. Kf3 a4 38. Kg3 Na7 39. Bd2 Nc6 40. Be1 Nd8 41.
Kh3 Nf7 42. Bh4 Nh8 43. Bf6 Ng6 44. Kg3 Nf8 45. Be7 Nh7 46. h4 Kg6 47. Kf4 Kf7
48. Bd6 Nf8 49. Bxf8 Kxf8 50. h5 Ke7 51. Kf3 Kd7 52. Ke2 Kc6 53. Kd2 0-1

[Event "ch-European Rapid 2013"]
[Site "Warsaw POL"]
[Date "2013.12.14"]
[Round "6.1"]
[White "Kulaots, Kaido"]
[Black "Korobov, Anton"]
[Result "0-1"]
[WhiteTitle "GM"]
[BlackTitle "GM"]
[WhiteElo "2558"]
[BlackElo "2713"]
[WhiteFideId "4500261"]
[BlackFideId "14105730"]
[EventDate "2013.12.14"]

1. e4 c5 2. Nf3 d6 3. d4 cxd4 4. Nxd4 Nf6 5. Nc3 a6 6. h3 g6 7. g4 Bg7 8. Be3
Nc6 9. Qd2 h5 10. g5 Nd7 11. O-O-O O-O 12. f4 Nb6 13. Qf2 Nxd4 14. Bxd4 Bxd4 15.
Qxd4 Qc7 16. Bd3 e5 17. Qf2 exf4 18. Nd5 Nxd5 19. exd5 Bd7 20. Qxf4 Bb5 21. Rhe1
Rfe8 22. Rxe8+ Rxe8 23. Bxb5 axb5 24. a3 Re2 25. Rd2 Re1+ 26. Rd1 Qe7 27. h4 Qe2
28. Qd2 Rxd1+ 29. Qxd1 Qe4 30. Kb1 Qxh4 31. Qd2 Qe4 32. b3 h4 33. Qh2 Qe1+ 34.
Ka2 Qg3 35. Qe2 h3 0-1

[Event "ch-European Rapid 2013"]
[Site "Warsaw POL"]
[Date "2013.12.14"]
[Round "6.2"]
[White "Cheparinov, Ivan"]
[Black "Sargissian, Gabriel"]
[Result "1/2-1/2"]
[WhiteTitle "GM"]
[BlackTitle "GM"]
[WhiteElo "2672"]
[BlackElo "2675"]
[WhiteFideId "2905540"]
[BlackFideId "13300881"]
[EventDate "2013.12.14"]

1. d4 Nf6 2. c4 e6 3. Nf3 d5 4. g3 Bb4+ 5. Bd2 Be7 6. Bg2 O-O 7. O-O c6 8. Bf4
b6 9. Nc3 Bb7 10. Rc1 dxc4 11. Ne5 Nd5 12. Nxc4 Nxf4 13. gxf4 Nd7 14. e3 Rc8 15.
a3 Ba8 16. b4 c5 17. bxc5 Bxg2 18. Kxg2 bxc5 19. d5 Nb6 20. Nxb6 Qxb6 21. Qf3 c4
22. a4 Bb4 23. dxe6 Qxe6 24. Rfd1 Bxc3 25. Rxc3 Rfd8 26. Rxd8+ Rxd8 27. f5 1/2-1/2

[Event "ch-European Rapid 2013"]
[Site "Warsaw POL"]
[Date "2013.12.14"]
[Round "6.4"]
[White "Rapport, Richard"]
[Black "Tregubov, Pavel V."]
[Result "1-0"]
[WhiteTitle "GM"]
[BlackTitle "GM"]
[WhiteElo "2687"]
[BlackElo "2625"]
[WhiteFideId "738590"]
[BlackFideId "4115341"]
[EventDate "2013.12.14"]

1. e4 c5 2. b3 Nc6 3. Bb2 d6 4. Bb5 Bd7 5. f4 a6 6. Bxc6 Bxc6 7. d3 d5 8. Nd2 e6
9. Ngf3 Nf6 10. Ne5 Rc8 11. Qe2 Be7 12. c4 d4 13. O-O O-O 14. Nxc6 Rxc6 15. e5
Nd7 16. Rae1 Qc7 17. Ne4 b5 18. Rf3 bxc4 19. dxc4 a5 20. Rh3 g6 21. Bc1 a4 22.
g4 axb3 23. axb3 Ra8 24. g5 Ra1 25. Nf6+ Nxf6 26. gxf6 Bf8 27. Bb2 Rxe1+ 28.
Qxe1 Ra6 29. Qh4 h6 30. Qe1 Qb7 31. Rg3 Rb6 32. Qd1 Qe4 33. Rf3 h5 34. Qd3 Qxd3
35. Rxd3 Bh6 36. Bc1 Ra6 37. Kf2 Ra1 38. Bd2 Bf8 39. Ke2 Rh1 40. Rh3 Bh6 41. Kd3
Kf8 42. b4 cxb4 43. Bxb4+ Ke8 44. Kxd4 Bxf4 45. Ra3 Rd1+ 46. Ke4 Bxh2 47. Ra8+
Rd8 48. Ra7 Rd7 49. Ra8+ Rd8 50. Ra7 Rd7 51. Ra2 Bg1 52. Bd6 Ra7 53. Rg2 Ra1 54.
Rb2 Re1+ 55. Kf3 Bd4 56. Rb8+ Kd7 57. Rb7+ Kc6 58. Rc7+ Kb6 59. c5+ Kb5 60. Rxf7
Bxe5 61. Rb7+ Kc6 62. Rc7+ Kd5 63. f7 Rf1+ 64. Kg2 Rf5 65. Bxe5 Kxe5 66. Rd7 1-0

[Event "ch-European Rapid 2013"]
[Site "Warsaw POL"]
[Date "2013.12.14"]
[Round "6.5"]
[White "Perunovic, Milos"]
[Black "Grigoryan, Karen H."]
[Result "1-0"]
[WhiteTitle "GM"]
[BlackTitle "GM"]
[WhiteElo "2622"]
[BlackElo "2604"]
[WhiteFideId "921629"]
[BlackFideId "13301004"]
[EventDate "2013.12.14"]

1. e4 c5 2. Nc3 e6 3. Nf3 a6 4. d4 cxd4 5. Nxd4 b5 6. Bd3 Bb7 7. O-O Nc6 8. Nxc6
Bxc6 9. Re1 Qb8 10. a4 b4 11. Nd5 Nf6 12. Bf4 Bd6 13. Bxd6 Qxd6 14. Nb6 Rb8 15.
a5 Qc5 16. Bxa6 e5 17. Bd3 O-O 18. Qe2 Qd4 19. Nc4 Rfc8 20. Qe3 Qxe3 21. Rxe3 b3
22. Nb6 Rc7 23. cxb3 Rcb7 24. f3 Kf8 25. Bc4 Rxb6 26. axb6 Rxb6 27. Ra5 d6 28.
Ra6 Nd7 29. Rc3 1-0

[Event "ch-European Rapid 2013"]
[Site "Warsaw POL"]
[Date "2013.12.14"]
[Round "6.6"]
[White "Pakleza, Zbigniew"]
[Black "Ivanisevic, Ivan"]
[Result "0-1"]
[WhiteTitle "IM"]
[BlackTitle "GM"]
[WhiteElo "2490"]
[BlackElo "2626"]
[WhiteFideId "1119290"]
[BlackFideId "912417"]
[EventDate "2013.12.14"]

1. d4 e6 2. Nf3 Nf6 3. Bf4 d6 4. h3 Nbd7 5. e3 h6 6. Nbd2 g5 7. Bg3 Bg7 8. c3 a6
9. Bd3 Qe7 10. Qc2 b6 11. O-O-O Bb7 12. Kb1 b5 13. Rhe1 Nb6 14. e4 Nh5 15. Bh2
Nf4 16. Bf1 c5 17. dxc5 dxc5 18. e5 O-O-O 19. Ne4 Kb8 20. c4 Nxc4 21. Bxc4 bxc4
22. Bxf4 gxf4 23. Qxc4 Bd5 24. Qa4 c4 25. Rc1 Qa7 26. Re2 Qb6 27. Nd6 Rxd6 28.
exd6 Qxd6 29. Rd2 c3 30. bxc3 Ka7 31. Nd4 Ka8 32. f3 Rc8 33. Rb2 Bc4 34. Ka1 Bd3
35. Qd1 Bg6 36. Ne2 Be5 37. Qxd6 Bxd6 38. Rb6 Bc5 39. Rxa6+ Kb7 40. Ra4 e5 41.
Rb1+ Bxb1 42. Kxb1 Rg8 43. Nc1 Rxg2 44. Nd3 Bd6 45. c4 Rd2 46. c5 Rxd3 47. cxd6
Rxf3 48. Rc4 Rd3 49. Rc7+ Kb6 50. Rxf7 Rxd6 51. Kc2 Kc5 52. Kc3 Kd5 53. a4 Ke4
54. a5 f3 55. Kc4 Ke3 56. Kc5 Rd1 57. a6 Ra1 58. a7 f2 59. Kb6 e4 0-1

[Event "ch-European Rapid 2013"]
[Site "Warsaw POL"]
[Date "2013.12.14"]
[Round "6.7"]
[White "Malakhov, Vladimir"]
[Black "Kovalev, Vladislav"]
[Result "1-0"]
[WhiteTitle "GM"]
[BlackTitle "GM"]
[WhiteElo "2716"]
[BlackElo "2574"]
[WhiteFideId "4120787"]
[BlackFideId "13504398"]
[EventDate "2013.12.14"]

1. e4 e5 2. Nf3 Nc6 3. Bc4 Bc5 4. c3 Nf6 5. d3 d6 6. Bb3 O-O 7. O-O a6 8. h3 h6
9. Be3 Bxe3 10. fxe3 Be6 11. Nbd2 d5 12. exd5 Nxd5 13. Qe2 f5 14. Rae1 Qf6 15.
d4 e4 16. Nh2 Qg5 17. c4 Nxd4 18. exd4 Nf4 19. Rxf4 Qxf4 20. Nhf1 Rad8 21. d5
Bf7 22. Nb1 Rd6 23. Nc3 Rg6 24. Qf2 Qe5 25. Ne2 Qxb2 26. Nf4 Qxf2+ 27. Kxf2 Rf6
28. c5 c6 29. Ng3 g5 30. Ngh5 Bxh5 31. Nxh5 Rg6 32. dxc6+ Kh7 33. cxb7 Rc6 34.
Rc1 f4 35. Bd5 e3+ 36. Ke2 Rc7 37. Be4+ Kg8 38. c6 Kf7 39. g3 fxg3 40. Rf1+ 1-0

[Event "ch-European Rapid 2013"]
[Site "Warsaw POL"]
[Date "2013.12.14"]
[Round "6.8"]
[White "Dragun, Kamil"]
[Black "Ragger, Markus"]
[Result "0-1"]
[WhiteTitle "GM"]
[BlackTitle "GM"]
[WhiteElo "2530"]
[BlackElo "2646"]
[WhiteFideId "1134167"]
[BlackFideId "1610856"]
[EventDate "2013.12.14"]

1. d4 Nf6 2. c4 g6 3. Nc3 d5 4. Qb3 dxc4 5. Qxc4 Bg7 6. e4 O-O 7. Be2 a6 8. Bf4
b5 9. Qxc7 Qxc7 10. Bxc7 Bb7 11. f3 Nc6 12. Rd1 Rac8 13. Bf4 Nd7 14. Be3 Na5 15.
Nh3 Nb6 16. d5 Nac4 17. Bc1 b4 18. Nb1 Nxb2 19. Bxb2 Bxb2 20. Nf2 a5 21. Nd3 Bg7
22. Kf2 f5 23. Kg3 e6 24. dxe6 fxe4 25. fxe4 Bxe4 26. Rhe1 Bd5 27. Bg4 Rfe8 28.
Re2 h5 29. Bh3 Rc4 30. Ne5 Bxe5+ 31. Rxe5 Rf8 0-1

[Event "ch-European Rapid 2013"]
[Site "Warsaw POL"]
[Date "2013.12.14"]
[Round "6.9"]
[White "Tkachiev, Vladislav"]
[Black "Dziuba, Marcin"]
[Result "1-0"]
[WhiteTitle "GM"]
[BlackTitle "GM"]
[WhiteElo "2637"]
[BlackElo "2576"]
[WhiteFideId "618438"]
[BlackFideId "1112953"]
[EventDate "2013.12.14"]

1. d4 d5 2. c4 c6 3. Nf3 Nf6 4. g3 Bf5 5. Nc3 dxc4 6. Bg2 Nbd7 7. a4 a5 8. Nh4
e6 9. Nxf5 exf5 10. Qc2 g6 11. O-O Bg7 12. Rd1 O-O 13. d5 cxd5 14. Nxd5 Nxd5 15.
Rxd5 Qe7 16. Bf4 Rfe8 17. Rad1 Nf6 18. Re5 Qf8 19. Rxe8 Qxe8 20. Bxb7 Ra7 21.
Bf3 Ne4 22. Bxe4 fxe4 23. Qxc4 Bxb2 24. Rb1 Be5 25. Qc5 Re7 26. Bg5 f6 27. Be3
Qd8 28. Kg2 Kg7 29. Rd1 Qc7 30. Qb5 Qc2 31. Rd7 1-0

[Event "ch-European Rapid 2013"]
[Site "Warsaw POL"]
[Date "2013.12.14"]
[Round "6.10"]
[White "Schoorl, Rob"]
[Black "Socko, Bartosz"]
[Result "0-1"]
[WhiteTitle "FM"]
[BlackTitle "GM"]
[WhiteElo "2317"]
[BlackElo "2657"]
[WhiteFideId "1009508"]
[BlackFideId "1107038"]
[EventDate "2013.12.14"]

1. e4 e6 2. d4 d5 3. e5 c5 4. c3 Nc6 5. Nf3 Qb6 6. a3 c4 7. Nbd2 Na5 8. g3 Bd7
9. h4 O-O-O 10. Bh3 Kb8 11. O-O f5 12. exf6 gxf6 13. Re1 h5 14. Nf1 Nb3 15. Rb1
Nh6 16. Bf4+ Ka8 17. Ne3 Nf7 18. Ng2 Re8 19. Qc2 Nd6 20. Qg6 Ne4 21. Rxe4 dxe4
22. Qxe4 Bd6 23. Re1 Na5 24. Bxd6 Qxd6 25. Nf4 Bc6 26. Qe2 e5 27. dxe5 fxe5 28.
Nxe5 Rh7 29. Rd1 Qf6 30. Nxh5 Qh8 31. Nf4 Rxe5 32. Rd8+ Qxd8 33. Qxe5 b6 34. Ne6
Qd1+ 35. Bf1 Qf3 0-1

[Event "ch-European Rapid 2013"]
[Site "Warsaw POL"]
[Date "2013.12.14"]
[Round "6.11"]
[White "Salgado Lopez, Ivan"]
[Black "Golubka, Petr"]
[Result "1-0"]
[WhiteTitle "GM"]
[BlackTitle "IM"]
[WhiteElo "2597"]
[BlackElo "2385"]
[WhiteFideId "2257327"]
[BlackFideId "14114224"]
[EventDate "2013.12.14"]

1. e4 c5 2. c3 Nf6 3. e5 Nd5 4. Nf3 Nc6 5. d4 cxd4 6. cxd4 d6 7. Bc4 e6 8. O-O
Be7 9. Bd2 O-O 10. Nc3 dxe5 11. dxe5 Na5 12. Nxd5 Nxc4 13. Nxe7+ Qxe7 14. Bg5 f6
15. exf6 gxf6 16. Bh6 Rd8 17. Qb3 b5 18. Qxb5 Nd6 19. Qh5 Qf7 20. Qxf7+ Kxf7 21.
Rac1 Nf5 22. Be3 Rd7 23. Rfd1 a5 24. Nd4 Ne7 25. Nb5 Nd5 26. Nc3 Nxc3 27. Rxd7+
Bxd7 28. Rxc3 Rc8 29. Bc5 e5 30. b3 Be6 31. f3 Bd5 32. Kf2 Ke6 33. Ke3 Rg8 34.
g3 h5 35. a3 h4 36. Kf2 hxg3+ 37. hxg3 Rh8 38. Kg2 e4 39. fxe4 Bxe4+ 40. Kf2
Rh2+ 41. Ke3 Rc2 42. Kd4 Rxc3 43. Kxc3 a4 44. b4 Bf3 45. b5 Kd7 46. Kb4 Bd1 47.
g4 Ke6 48. Bd4 Kd5 49. Bxf6 Bxg4 50. Kxa4 Kc4 51. Ka5 Bd7 52. a4 Kb3 53. Be7 Be8
54. Bd6 Bd7 55. Bf8 Be8 56. b6 Bc6 57. Be7 Kc4 58. Ka6 Bxa4 59. b7 1-0

[Event "ch-European Rapid 2013"]
[Site "Warsaw POL"]
[Date "2013.12.14"]
[Round "6.12"]
[White "Przybylski, Wojciech"]
[Black "Bryzgalin, Kirill"]
[Result "0-1"]
[WhiteTitle "FM"]
[BlackTitle "GM"]
[WhiteElo "2342"]
[BlackElo "2460"]
[WhiteFideId "1117599"]
[BlackFideId "4133285"]
[EventDate "2013.12.14"]

1. e4 e5 2. Nf3 Nc6 3. Bb5 a6 4. Ba4 Nf6 5. O-O Be7 6. Re1 b5 7. Bb3 d6 8. c3
O-O 9. d4 Bg4 10. a4 Na5 11. Ba2 Bxf3 12. gxf3 c5 13. f4 cxd4 14. cxd4 exd4 15.
Qxd4 Nc6 16. Qd1 Nb4 17. Nc3 Nxa2 18. Rxa2 b4 19. Nd5 Nxd5 20. Qxd5 Rc8 21. b3
Rc5 22. Qd3 Qc8 23. Bd2 a5 24. Kh1 Qc6 25. f3 Rc8 26. f5 g6 27. Rg1 Bf6 28. Bh6
Rc3 29. Qd1 Qc5 30. Rag2 Bd4 31. Re1 Be3 32. Bxe3 Rxe3 33. Rd2 Rxe1+ 34. Qxe1
Qc3 35. Qd1 Qe3 36. f6 h5 37. Rd3 Qf4 38. Qd2 Qxf6 39. Kg2 Rc3 40. Rxd6 Qxf3+
41. Kg1 Qg4+ 42. Kh1 Qxe4+ 43. Kg1 Qb1+ 0-1